US States that Contain the Letter V - Statistics

General Stats
  • This quiz has been taken 98 times
  • The average score is 5 of 5
Answers on the Map
Answers color-coded by a green-red scale on the quiz's map according to % correct below.
 
Answer Stats
Answer % Correct
Vermont
98%
Virginia
95%
West Virginia
95%
Nevada
92%
Pennsylvania
79%
No matching quizzes found
Score Distribution
Percent of People with Each Score
Percentile by Number Answered
Your Score History
You have not taken this quiz